000 00659nam a22001577a 4500
008 160528b xxu||||| |||| 00| 0 eng d
082 _22009
_aUT 0646
_bSo45
100 _99493
_aSolis, Kirsten Theres R.
245 _aStudents exposure to stylistics approach in teaching and their linguistics competence in literary appreciation skills/
_cKirsten Theres R. Solis, April Rose G. Lacumba and May Rose A. Navarro.
260 _aDigos City:
_bUMDC
_cNovember 2009.
300 _a58 pages;
_c28 cm.
650 0 _99489
_aEducation
_vEnglish
_xUndergraduate thesis.
700 _99486
_aLacumba, April Rose G.
700 _99487
_aNavarro, May Rose A.
942 _2ddc
_cUT
999 _c2855
_d2855